Music Quiz

Random Music or The Beatles Quiz

Beatles - continuing lyrics Quiz Stats

 Plays Quiz not verified by Sporcle

Challenge
Share
Tweet
Embed
Score 0/11 Timer 10:00
0 Plays Today
Prior Lyrics Next Lyrics % Correct
Somewhere in her smile she knows... (7)That I don't need no other lover
73.1%
Well we danced through the night... (6)And we held each other tight
68.6%
He likes to keep his fire engine clean... (4)It's a clean machine
68.1%
I've got arms that long to hold you... (6)And keep you by my side
62.9%
And these memories lose their meaning... (8)When I think of love as something new
61.6%
I told that girl that my prospects were good... (5)She said baby, it's understood
58.7%
Now she and her man, who called himself Dan... (8)Were in the next room at the hoedown
40.2%
Took her home, I nearly made it... (9)Sitting on the sofa with a sister or two
35.1%
I don't want to kiss or hold your hand... (6)If it's funny try and understand
28.8%
Don't ask me what I want it for... (8)If you don't want to pay some more
24%
Wait here I come back to your side... (6)We'll forget the tears we've cried
16.4%

You're not logged in!

Compare scores with friends on all Sporcle quizzes.
OR
Log In

You Might Also Like...

Show Comments

Extras

Created Aug 14, 2010ReportNominate
Tags:The Beatles Quiz

Top Quizzes Today


Score Distribution

Your Account Isn't Verified!

In order to create a playlist on Sporcle, you need to verify the email address you used during registration. Go to your Sporcle Settings to finish the process.

Report this User

Report this user for behavior that violates our Community Guidelines.

Details: